000 01220nam0a22002771 4500
001 rc\2353514
005 20250623052025.0
035 _a(NLR Aleph) 006592146
090 _a7157694
_c7157694
100 _a20110829d1977 |||y0rusy50 ca
101 1 _arus
_cger
102 _aRU
105 _aa z |||||
200 1 _aТехнические и экономические аспекты химической переработки каменноугольной смолы
_eПер.
_fМ-во угольной пром-сти СССР. Ин-т горючих ископаемых
210 _aМосква
_cБ. и.
_d1977
215 _a35 с.
_cил.
_d21
311 _aПер. из: "Erdöl und Kohle-Erdgas-Petrochemie vereinigt mit Brennstoff-Chemic", Bd. 29, № 4. S. 159-165. 1976
320 _aБиблиогр.: с. 35
412 0 _12001#$aErdöl und Kohle-Erdgas-Petrochemie vereinigt mit Brennstoff-Chemic$v1976, Bd. 29, № 4
_1215##$aS. 159-165 с.
_tErdöl und Kohle-Erdgas-Petrochemie vereinigt mit Brennstoff-Chemic
700 1 _aКоллин
_bГ.
801 0 _aRU
_bNLR
_gpsbo
801 1 _aRU
_bELAR
_2rusmarc
852 _aNLR
_j77-4/25806
899 _aRuMoRGB
_jБ 78-56/4611
942 _cBOOK
980 _aNB